Arrondissements of Haiti with a Map - Statistics

General Stats
  • This quiz has been taken 150 times
  • The average score is 14 of 42
Answers on the Map
Answers color-coded by a green-red scale on the quiz's map according to % correct below.
 
Answer Stats
Department Arrondissement % Correct
Ouest Port-au-Prince
95%
Nord Cap-Haïtien
54%
Artibonite Gonaïves
47%
Sud-Est Jacmel
43%
Grand'Anse Jérémie
42%
Sud Les Cayes
39%
Nord-Ouest Port-de-Paix
39%
Artibonite Saint-Marc
39%
Ouest Gonâve
38%
Ouest Léogâne
36%
Ouest Arcahaie
33%
Artibonite Dessalines
33%
Centre Hinche
33%
Centre Mirebalais
33%
Sud Aquin
32%
Nord-Est Ouanaminthe
32%
Sud-Est Belle-Anse
30%
Nord-Est Fort-Liberté
30%
Artibonite Marmelade
30%
Nippes Miragoâne
30%
Nord-Ouest Môle-Saint-Nicolas
30%
Nord-Ouest Saint-Louis-du-Nord
30%
Nippes Anse-à-Veau
29%
Grand'Anse Anse d'Hainault
29%
Nippes Baradères
29%
Grand'Anse Corail
29%
Ouest Croix-des-Bouquets
29%
Nord Grande-Rivière-du-Nord
29%
Artibonite Gros-Morne
29%
Centre Lascahobas
29%
Nord Limbé
29%
Sud Port-Salut
29%
Nord-Est Trou-du-Nord
29%
Sud-Est Bainet
28%
Nord Borgne
28%
Centre Cerca-la-Source
28%
Sud Chardonnières
28%
Sud Côteaux
28%
Nord Plaisance
28%
Nord Saint-Raphaël
28%
Nord Acul-du-Nord
26%
Nord-Est Vallières
26%
No matching quizzes found
Score Distribution
Percent of People with Each Score
Percentile by Number Answered
Your Score History
You have not taken this quiz